000
00249pab a2200109 454500
008
180718b xxu||||| |||| 00| 0 eng d
100
_a
Sorabfee, Soli J
245
_a
Sacking Governors
650
_a
governor
773
_a
Hindustan Times
909
_a
21790
999
_c
21790
_d
21790